000 01135nam0a22002651 4500
001 v19\rc\1739458
005 20260406103643.0
035 _a(NLR Aleph) 005248060
090 _a5774840
_c5774840
100 _a20061204d1902 |||y0rusy50 ca
101 0 _arus
102 _aRU
105 _ay z ||||b
200 1 _aНовая русская литература от Ломоносова до Пушкина в разборах главнейших произведений, в биографиях и характеристиках
_eПособие для учащихся
_fСост. С. Бураковский
205 _a4-е изд.
210 _aСанкт-Петербург
_cтип. и лит. В.А. Тиханова
_d1902
215 _a[4], 154, XVI с.
_d23
700 1 _4220
_8rus
_7ca
_aБураковский
_bС. З.
_f1843-1898
_gСергей Захарович
_3RU\NLR\AUTH\7790683
_973610
801 0 _aRU
_bNLR
_c20061204
_gpsbo
801 0 _aRU
_bRuMoRGB
_c20061204
_2psbo
801 1 _aRU
_bProSoft-M
_c20061204
_2rusmarc
801 2 _aRU
_bNLR
_c20101201
_2rusmarc
852 _aNLR
_j34.5.4.157
942 _cBOOK
980 _aNB